| 000 | 00365nam a2200145 a 4500 | ||
|---|---|---|---|
| 005 | 20140412111245.0 | ||
| 008 | 030411s19uu xx 00 eng d | ||
| 050 |
_aTR(PS E _bVe53 |
||
| 245 | _aVehicles. | ||
| 260 |
_aTokyo : _bFroebel-kan, co., Ltd. |
||
| 300 | _a1 v. (unp.) ; ill. | ||
| 440 | _aKnow Your Series | ||
| 650 | _aTransportations | ||
| 999 |
_c102914 _d102914 |
||